01342nam a2200313Ia 4500001001200000003000800012006001900020007001500039008004100054020002300095020002600118020001800144040002100162035002100183050002400204100002200228245012900250246005900379260004700438300003200485504006400517533015200581650004300733650006500776655002900841710001700870856012600887999001501013ebr10696093CaPaEBRm u cr cn|||||||||120913s2012 enka sb 001 0 eng d z1904380751 (Cloth) z9781904380757 (Cloth) z9781908162199 aCaPaEBRcCaPaEBR a(OCoLC)84386047614aHV6943b.D86 2012eb1 aDurston, Gregory.10aWhores and highwaymenh[electronic resource] :bcrime and justice in the eighteenth-century Metropolis /cGregory J Durston.30aCrime and justice in the eighteenth-century Metropolis aHook, Hampshire :bWaterside Press,c2012. a668 p. :bill. (some col.)  aIncludes bibliographical references (p. 601-636) and index. aElectronic reproduction.bPalo Alto, Calif. :cebrary,d2013.nAvailable via World Wide Web.nAccess may be limited to ebrary affiliated libraries. 0aCrimezEnglandxHistoryy18th century. 0aCriminal justice, Administration ofzGreat BritainxHistory. 7aElectronic books.2local2 aebrary, Inc.40uhttp://site.ebrary.com/lib/rucke/Doc?id=10696093zAn electronic book accessible through the World Wide Web; click to view c8578d8578